Responses for show #8127 - Tuesday, December 31, 2019

Karen Farrell game 4.
Last show of the 2010s.

Contestants

Bill Coulter, a bartender from San Francisco, California

Susan Stoltzfus, a senior marketing manager from Seattle, Washington

Karen Farrell, a political consultant from Woodbridge, Virginia (whose 3-day cash winnings total $57,601)

Jeopardy! Round responses

WHERE AM I?
THE NAME OF THE GAME
THE ALGONQUIAN WORD TABLE
COLLEGE ENDOWMENTS
IT'S CHARLIE!
WE WUZ ROBBED!
    $200 25
(Alex: Less than a minute now.)

Chicago

Bill
    $200 6
clue

Bill
    $200 30
(Bill: What is a hatchet?)

a tomahawk

KarenBill
    $200 27
Yale

Bill
    $200 17
Charlie Brown

Karen
    $200 4
Saddam Hussein

Karen
    $400 24
(Susan: What is Minneapolis?)

Cleveland

Susan
Triple Stumper
    $400 3
a bridge

Susan
    $400 29
a raccoon

Karen
    $400 26
Texas

Bill
    $400 16
[Audience tittering]

Charlie Puth

Triple Stumper
    $400 28
the Crown Jewels

Susan
    $600 23
Springfield

Bill
    $600 1
Checkers

Susan
    $600 15
Hickory

Susan
    $2,200 20
Stanford

Bill
    $600 8
Adaptation

Bill
    $600 10
(Bill: What is Pinkerton's?)

Brink's

Bill
Triple Stumper
    $800 21
Deadwood

Bill
    $800 2
Operation

Triple Stumper
    $800 18
moose

Triple Stumper
    $800 13
Duke

Karen
    $800 7
Bird

Susan
    $800 11
Boston

Karen
    $1000 22
Dearborn

Triple Stumper
    $1000 5
a solitaire

Susan
    $1000 19
succotash

Bill
    $1000 14
Caltech

Triple Stumper
    $1000 9
Charlie Chaplin

Karen
    $1000 12
Antwerp

Bill

Scores at the first commercial break (after clue 15):

Karen Susan Bill
$2,800 $3,400 $1,200

Scores at the end of the Jeopardy! Round:

Karen Susan Bill
$3,600 $3,400 $6,400

Double Jeopardy! Round responses

BATTLE & HUM
PSEUDONYMOUS WRITERS
WORLD OF COLORS
A, E, I, O--NO U
(Alex: Each response will contain all of those vowels but no "U".)
HIS-TORY
DON'T DROP THE BALL
    $400 8
(Bill: Who is Sara Bareilles?)

Rachel Platten

Bill
Triple Stumper
    $400 26
black

Bill
    $400 1
interrogate

Bill
    $400 28
[The end-of-round signal sounds.]

the divine right

Karen
    $800 7
"The Boxer"

Karen
    $800 25
(Alex: Yes, with less than a minute now.)

Voltaire

Bill
    $800 24
(Alex: White is right.)

white

Karen
    $800 23
a seismograph

Karen
    $5,900 27
(Bill: [Shakes head] Who is... I don't know.)

Theresa May

Bill
    $800 18
a fleur-de-lis

Bill
    $1200 4
(Bill: What is N.W.A.?)

Public Enemy

Bill
Triple Stumper
    $1200 9
Isaac Asimov

Karen
    $1200 12
(Bill: What is red?)

yellow

Bill
Triple Stumper
    $1200 22
barometric

Karen
    $1200 19
Loyalists

Triple Stumper
    $1200 15
Boise

Karen
    $1600 5
(Alex: Brings a smile to your face, too.)

the "Seven Nation Army"

Karen
    $1600 10
Robert Galbraith

Triple Stumper
    $1600 13
red

Karen
    $1600 20
territorial

Karen
    $1600 2
(William) Pitt

Karen
    $1600 16
Nashville

Susan
    $2000 6
"Kung Fu Fighting"

Susan
    $2,000 11
(Karen: Who is Marquez?)

Pablo Neruda

Karen
    $2000 14
green

Karen
    $2000 21
reciprocate

Karen
    $2000 3
Prime Minister Brian Mulroney

Triple Stumper
    $2000 17
Kansas

Triple Stumper

Scores at the end of the Double Jeopardy! Round:

Karen Susan Bill
$18,400 $7,000 $100
(lock game)

[wagering suggestions for these scores]

Final Jeopardy! Round responses

BUSINESS & INNOVATION
BillWhat are TV dinners? is Swanson
$0
SusanWhat is Swanson's?
$6,799
KarenWhat is Butterball?
$1,600
Swanson

Final scores:

Karen Susan Bill
$16,800 $13,799 $100
4-day champion: $74,401 2nd place: $2,000 3rd place: $1,000

Game dynamics:

Coryat scores:

Karen Susan Bill
$20,400 $7,000 $4,400
20 R,
1 W
(including 1 DD)
8 R,
1 W
14 R
(including 1 DD),
6 W
(including 1 DD)

Combined Coryat: $31,800

The J! Archive is created by fans, for fans. The Jeopardy! game show and all elements thereof, including but not limited to copyright and trademark thereto, are the property of Jeopardy Productions, Inc. and are protected under law. This website is not affiliated with, sponsored by, or operated by Jeopardy Productions, Inc. Join the discussion at JBoard.tv.